ბათუმის შოთა რუსთაველის სახელმწიფო უნივერსიტეტის ბიბლიოთეკა

საბიბლიოთეკო დოკუმენტების სისტემატიზაცია (მეთოდური რეკომენდაციები) (ბიბ.ჩანაწერი № 52110)

000 -LEADER
fixed length control field 01170nam a2200253Ia 4500
001 - CONTROL NUMBER
control field 19117
003 - CONTROL NUMBER IDENTIFIER
control field GE_BSU
008 - FIXED-LENGTH DATA ELEMENTS--GENERAL INFORMATION
fixed length control field 181216s||||||||xx |||||||||||||| ||und||
040 ## - CATALOGING SOURCE
Transcribing agency GE_BSU
080 ## - UNIVERSAL DECIMAL CLASSIFICATION NUMBER
Universal Decimal Classification number 025.4(07)
100 ## - MAIN ENTRY--PERSONAL NAME
Personal name თაყნიაშვილი,გურამ
245 ## - TITLE STATEMENT
Title საბიბლიოთეკო დოკუმენტების სისტემატიზაცია (მეთოდური რეკომენდაციები)
245 ## - TITLE STATEMENT
Statement of responsibility, etc. რედ. ლ. კაკულია.
250 ## - EDITION STATEMENT
Edition statement საქ. პარლამ. ეროვნული ბიბლიოთეკა
260 ## - PUBLICATION, DISTRIBUTION, ETC.
Place of publication, distribution, etc. თბილისი
260 ## - PUBLICATION, DISTRIBUTION, ETC.
Name of publisher, distributor, etc. საქ. პარლამ. ეროვნული ბიბლიოთეკა
260 ## - PUBLICATION, DISTRIBUTION, ETC.
Date of publication, distribution, etc. 2010
300 ## - PHYSICAL DESCRIPTION
Extent 25გვ.
653 ## - INDEX TERM--UNCONTROLLED
Uncontrolled term საბიბლიოთეკო დოკუმენტების სისტემატიზაცია (მეთოდური რეკომენდაციები)
653 ## - INDEX TERM--UNCONTROLLED
Uncontrolled term საბიბლიოთეკო საქმე
653 ## - INDEX TERM--UNCONTROLLED
Uncontrolled term ქსეროქსი
942 ## - ADDED ENTRY ELEMENTS (KOHA)
Koha item type წიგნი
ეგზემპლარები
Withdrawn status Lost status Damaged status Not for loan Date acquired Barcode Date last seen Price effective from Koha item type Public note
        2018-12-17 00375 ქსეროქსი 2018-12-17 2018-12-17 წიგნი ქსეროქსი